000 00592nam a2200193 i 4500
001 144479
003 ES-MaACL
005 20230906201028.0
007 t|
008 070214s1938 xxr r ||||1| eng d
100 1 _aSilpert, Ph.
_9106356
245 1 0 _aEnglish-Russian dictionary /
_cby Ph. Silpert, S. Abram ; revised by R. A. Zavetskaia.
260 _aMoscou :
_b[s.n.],
_c1938.
300 _a278 p. ;
_c13 cm.
650 4 _aLengua rusa-
_xDiccionarios-
_xInglés.
_9154576
700 1 _aAbram, S.
_918130
700 1 _aZavetskaia, R. A.
_9118113
852 _aES-MaACL
_jF-15839
_bR.20620
999 _c144479
_d144479